Disney Movies by Pictures of Castles - Statistics

General Stats
  • This quiz has been taken 87 times
    55 since last reset
  • The average score is 13 of 20
Answer Stats
Picture Answer % Correct
Aladdin
100%
Frozen
97%
Hercules
97%
Mulan
97%
Tangled
97%
Princess and the Frog
90%
Cinderella
79%
Sleeping Beauty
79%
Snow White
79%
The Little Mermaid
76%
Alice in Wonderland
72%
Brave
62%
The Jungle Book
55%
The Little Mermaid
55%
The Emperor's New Groove
52%
Beauty and the Beast
48%
Robin Hood
38%
Wish
31%
Wreck-It Ralph
21%
Pocahontas
7%
No matching quizzes found
Score Distribution
Percent of People with Each Score
Percentile by Number Answered
Your Score History
You have not taken this quiz since the last reset